000 00856nam a22002897a 4500
003 CHAP
005 20220329140805.0
008 971013s1963 r 00010 d
010 _a57659
011 _a58631
035 _a62786
040 _cCHAP
082 _a639.2
_bS8
100 0 0 _aStannard, M. E.
_9109465
245 _aIndustrial fishery technology
260 _aNew York :
_bReinhold,
_c1963
300 _a393 p.
_b: ilus.
590 _aBATCH-UPD
_b10
_c20130110
_lUCH01
_h0605
590 _aBATCH-UPD
_b10
_c20130410
_lUCH01
_h0246
590 _aBATCH-UPD
_b10
_c20130914
_lUCH01
_h1909
590 _aCONVERSION
_b10
_c20130109
_lUCH01
_h1331
650 1 4 _aPesquería.
_987496
650 1 4 _aProductos pesqueros
_xPreservación.
_992215
901 _aBK
942 _cLIBRO
949 _a639.2 S8
_bBC
_cLIBRO
_d33724000095592
_eLIBRO
_h39707
_i62786
_mD
_si
999 _c57659
_d57659